00373nam a2200157Ia 4500003000400000005001700004008004000021040000700061041001200068082001300080100002800093245003600121260003500157300001300192650001000205OSt20221117101942.0210210b1997 xxu||||| |||| 00| 0 eng d cAL aEnglish a909 PRAG aPRABHU (M Raghavendra). aGlimpses of world history I PUC aBangalorebJupiter Booksc1997 aviii,267 aI PUC